[Event "RSA-ch U12"]
[Site "Gauteng"]
[Date "2017.04.07"]
[Round "4"]
[White "Lefyedi, Thatego"]
[Black "Dykema, Joshua Damain"]
[Result "0-1"]
[WhiteElo "1093"]
[BlackElo "1334"]
[PlyCount "45"]
[EventDate "2017.04.05"]
[EventType "swiss"]
[EventRounds "11"]
[EventCountry "RSA"]
[SourceTitle "CBM 177 Extra"]
[Source "ChessBase"]
[SourceDate "2017.04.27"]
[SourceVersion "1"]
[SourceVersionDate "2017.04.27"]
[SourceQuality "1"]

1. d4 Nf6 2. Nf3 g6 3. e3 Bg7 4. Bd3 0-0 5. b3 d6 6. Bb2 b6 7. 0-0 Bb7 8. Nbd2 Nbd7 9. c4 Re8 10. Re1 e5 11. e4 exd4 12. Bxd4 Nc5 13. Qc2 Re7 14. b4 Nxd3 15. Qxd3 c5 16. Bxf6 Bxf6 17. Rab1 Qc7 18. Re2 Rae8 19. Rbe1 cxb4 20. Nd4 Bc6 21. Nc2 Bc3 22. Ne3 Bxd2 23. Qxd2 0-1